书目信息 |
| 题名: |
建筑结构
|
|
| 作者: | 龚伟 主编 | |
| 分册: | ||
| 出版信息: | 北京 高等教育出版社 1994.06 |
|
| 页数: | 429页 | |
| 开本: | 16开 | |
| 丛书名: | ||
| 单 册: | ||
| 中图分类: | ||
| 科图分类: | ||
| 主题词: | ||
| 电子资源: | ||
| ISBN: | 7-04-004805-1 | |
| 000 | 00516nam0 2200193 45 | |
| 001 | 9912111019 | |
| 005 | 19991211105651.3 | |
| 010 | @a7-04-004805-1@d22.10元 | |
| 100 | @a19991211d1994 km y0chiy0120 ea | |
| 101 | @achi | |
| 105 | @a z 000yy | |
| 200 | 1 | @a建筑结构@AJian Zhu Jie Gou@f龚伟主编@FGong Wei Zhu Bian |
| 210 | @a北京@c高等教育出版社@d1994.06 | |
| 215 | @a429页@d16开 | |
| 690 | @v3 | |
| 690 | @aTU3-43 | |
| 701 | @a龚伟@4主编 | |
| 801 | @aCN@bPFTUser@c19991211 | |
| 905 | @f2@b46912-913@dTU3-43@eG.125 | |
| 建筑结构/龚伟主编.-北京:高等教育出版社,1994.06 |
| 429页;16开 |
| ISBN 7-04-004805-1:22.10元 |
| ● |
| 相关链接 |
|
|
|
正题名:建筑结构
索取号:TU3-43/G.125
 
预约/预借
| 序号 | 登录号 | 条形码 | 馆藏地/架位号 | 状态 | 备注 |
| 1 | 46912 | 200469126 | 建筑库101/101建筑库 75排3列3层/ [索取号:TU3-43/G.125] | 在馆 | |
| 2 | 46913 | 200469135 | 建筑库101/101建筑库 75排3列3层/ [索取号:TU3-43/G.125] | 在馆 |